Lyrics: Y-Titty - der letzte Sommer - Statistiken

Allgemein
  • Dieses Quiz wurde 61 mal gespielt
    57 seit der letzten Aktualisierung
  • Das Durchschnittsergebnis liegt bei 317 aus 484
Antwortstatistiken
Textquiz % Korrekt
der
100%
Der
100%
so
100%
Sommer
100%
ist
98%
letzte
98%
Da
96%
das
96%
“Das
96%
Das
96%
oh
96%
die
93%
Die
93%
Ein‘n
89%
ja
89%
“Nö
89%
sagen
87%
ein
82%
ich
82%
Ich
82%
“Ich
82%
Maya
82%
Nein
78%
nein
78%
es
76%
Es
76%
geh
73%
nich‘
73%
Wir
73%
wir
73%
alle
71%
geht
71%
heut
71%
machen
71%
nicht
71%
und
71%
Und
71%
unter
71%
Welt
71%
Aber
69%
aber
69%
auch
69%
auch“
69%
den
69%
du
69%
Du
69%
uns
69%
als
67%
feiern
67%
gibt
67%
heute
67%
Heute
67%
hier
67%
ihr
67%
jetzt?
67%
jetzt
67%
kein
67%
sind
67%
was
67%
alles
64%
Alles
64%
auf
64%
bin
64%
drauf
64%
drauf“
64%
für
64%
gäbe
64%
geb
64%
in
64%
keine
64%
Keine
64%
morgen
64%
Morgen
64%
morgen!
64%
Wenn
64%
zu
64%
Chance
62%
dann
62%
dann?
62%
dich
62%
dich!“
62%
gehe
62%
hör
62%
loch
62%
mehr
62%
aus
60%
davon
60%
eigentlich
60%
hab‘
60%
Komm
60%
macht
60%
mal
60%
Meteor
60%
Na
60%
Party-Alarm
60%
rein
60%
Tod
60%
tot
60%
untergeht
60%
Beste
58%
ertrag‘
58%
euch
58%
geh‘n
58%
keiner
58%
klein?
58%
richtig
58%
rumzusitzen
58%
Verbot
58%
wann
58%
Weltuntergangs-
58%
besser
56%
draus
56%
ehrlich
56%
Erde
56%
ins
56%
Messer
56%
mich?“
56%
ohne
56%
sing
56%
Sommersong
56%
Sorgen
56%
wenn‘s
56%
wird
56%
aufs
53%
gehen
53%
Ihre
53%
“Nun
53%
rennen
53%
sowieso
53%
von
53%
wollen
53%
an
51%
bedanken
51%
denn
51%
einem
51%
einschlägt
51%
getan
51%
Haus
51%
Mann“
51%
mit
51%
muss
51%
“Muss
51%
nochmal
51%
um
51%
Alter
49%
beten
49%
doch
49%
Jahr
49%
Liebst
49%
Oder
49%
Partyhüte
49%
schon
49%
setzt
49%
sie
49%
Vor
49%
wirklich
49%
Einhorn
47%
Familie
47%
fragen:
47%
geschmacklos
47%
hey
47%
irgendwie
47%
jammern
47%
sich
47%
Super-GAU
47%
taktlos
47%
wollt‘
47%
wollt
47%
Zweifel
47%
Beim
44%
dran!
44%
dran
44%
ha‘m
44%
immer
44%
kommt
44%
steig
44%
Treue
44%
unsere
44%
werd‘
44%
“Ach
42%
beschissen!“
42%
dir
42%
Euro
42%
fremd“
42%
hundert
42%
könnten
42%
meine
42%
Pokern
42%
Rundfunkgebühren.“
42%
stiehlt
42%
vermissen
42%
Bahn
40%
hast
40%
Traumfrau
40%
Wahrheit
40%
Weiterfeiern
40%
weiterfeiern
40%
ansprechen
38%
Darum
38%
Ende
38%
fang‘
38%
getötet
38%
Gevatter
38%
Steak
38%
verrechnet
38%
besuchen
36%
schauen
36%
vernichtet
36%
seh‘n
33%
Sensenmann
33%
Tabus
33%
Toll
33%
Abendmahl
31%
Äh
31%
blanken
31%
essen
31%
gut
31%
haut
31%
Jahres
31%
Sorry
31%
Armageddon
29%
diesen
29%
seid
29%
am
27%
Hölle
24%
schmoren?
24%
fang‘s
22%
Faden
18%
Mohikaner
18%
hängst
16%
ihn
16%
seidenen
16%
Fegefeuer
13%
spei‘n“
13%
Gnaden
11%
klar
11%
muhaha
11%
durchtrenn‘
9%
Sündhaft
7%
heißt
4%
verloren
4%
(Autsch)
2%
Keine übereinstimmenden Quizze gefunden
Verteilung der Resultate
Anzahl Personen mit jedem Resultat
Perzentil nach korrekt beantworteten Fragen
Ihre Resultats-Entwicklung
Sie haben dieses Quiz seit der letzten Aktualisierung nicht gespielt